| 000 | 00934nam a22002537a 4500 | ||
|---|---|---|---|
| 001 | 322 | ||
| 003 | BR-CuiBMT | ||
| 005 | 20231024165258.0 | ||
| 008 | 231016s2012 mgb 001 0 por d | ||
| 020 | _a9788577005321 | ||
| 040 |
_aBR-CuiBMT _cBR-CuiBMT |
||
| 080 |
_22007 _a340.111.5 |
||
| 090 |
_a340.111.5 _bM827n |
||
| 100 | 1 | _aMoraes, Paulo Valério Dal Pai | |
| 245 | 1 | 2 |
_aA negociação ética para agentes públicos e advogados : _bmediação, conciliação, arbitragem, princípios, técnicas, fases, estilos e ética da negociação / _cPaulo Valério Dal Pai Moraes, Márcia Amaral Corrêa de Moraes. |
| 260 |
_aBelo Horizonte : _bFórum, _c2012. |
||
| 300 |
_a244 p. ; _c22 cm |
||
| 504 | _aInclui bibliografia e índice. | ||
| 650 |
_aTécnicas jurídicas _xNegociação |
||
| 650 |
_aDireito _xConciliação |
||
| 650 | _aGestão pública | ||
| 700 | 1 |
_aMoraes, Márcia Amaral Corrêa de, _d1972- |
|
| 942 |
_2udc _cLV |
||
| 999 |
_c322 _d322 |
||